000 00489nam a2200229Ia 4500
003 IT-RoPAU
008 120407s9999 xx 000 0 und d
040 _aIT-RoPAU
040 _cIT-RoPAU
041 _aita
100 _aWilliam Burroughs
245 _aIl pasto nudo. Pref. di D. Manganotti.
250 _aMilano
260 _aSugar Editore
260 _c1970
300 _a298 p.
300 _c21 cm
490 _aI giorni
490 _v130
942 _cBK
999 _c31845
_d31845